header

Living standards and the wealth of nations (Record no. 248298)

MARC details
000 -LEADER
fixed length control field 01332nam a2200337 a 4500
082 04 - DEWEY DECIMAL CLASSIFICATION NUMBER
Classification number 339.4/2
245 00 - TITLE STATEMENT
Title Living standards and the wealth of nations
260 ## - PUBLICATION, DISTRIBUTION, ETC. (IMPRINT)
Place of publication Cambridge, Mass. :
Name of publisher MIT Press,
Year of publication 2006.
300 ## - PHYSICAL DESCRIPTION
Number of Pages vi, 434 p. :
Other physical details ill.
650 #0 - SUBJECT ADDED ENTRY--TOPICAL TERM
Topical Term Economic development.
Topical Term Convergence (Economics)
Topical Term Cost and standard of living.
Topical Term Wealth.
700 1# - ADDED ENTRY--PERSONAL NAME
Personal name Balcerowicz, Leszek.
Personal name Fischer, Stanley.
856 40 - ELECTRONIC LOCATION AND ACCESS
Uniform Resource Identifier http://site.ebrary.com/lib/rucke/Doc?id=10173679

No items available.

© 2026 Rongo University
Contact us: librarian | system librarian | Rongo university